000 01067nam0a22002531 4500
001 rc\948062
005 20250622053302.0
035 _a(NLR Aleph) 006119998
090 _a5450588
_c5450588
100 _a20041129d1982 |||y0rusy50 ca
101 0 _arus
102 _aRU
105 _ay |||||||||
200 1 _aМетодические рекомендации по самообразованию классных руководителей по проблеме "Нравственное воспитание учащихся"
_eЭксперим. материал
_fАПН СССР, НИИ общ. образования взрослых
_gСост. С.С. Фиранер
210 _aЛ.
_cНИИООВ
_d1982
215 _a18 с.
_d21
320 _aБиблиогр.: с. 17-18
702 1 _aФиранер
_bС.С.
_gСемен Семенович
_4220
712 0 2 _aНИИ общего образования взрослых
_cЛенинград
801 0 _aRU
_bNLR
_gpsbo
801 1 _aRU
_bELAR
_2rusmarc
852 _aNLR
_j83-4/27153
942 _cBOOK
980 _aNB